000 00715nam a2200289Ia 4500
005 20260324112602.0
008 008 260324s9999 xx 000 0 eng d
020 _a9781003454304
037 _aEBOOK
040 _aCRL
040 _beng
040 _cCRL
041 _2eng
041 _aeng
084 _qCRL
100 _aStefano Cozzolino; Stefano Moroni
_91143313
245 0 _aAction, Property and Beauty
245 0 _bPlanning with and for Emergent Urban Complexity
260 _bTaylor and Francis
260 _c2024
365 _a
365 _b83.99
856 _uhttp://www.taylorfrancis.com/books/9781003454304
942 _cEBOOK
999 _c1732571
_d1732571